00353nam a2200109Ia 4500008004100000020002200041041001200063100004800075245006700123260003200190650002100222231221s9999 xx 000 0 und d a978-1-4419-0492-8 aEnglish aRaj Madhavan, Edward Tunstel, Elena Messina 0aPerformance Evaluation and Benchmarking of Intelligent Systems c2009bSpringer USaNew York aComputer Science